| 000 | 00621cam a2200229 4500 | ||
|---|---|---|---|
| 001 | ABS62026 | ||
| 008 | 000000n2000 000 0 eng u | ||
| 035 | _a(Sirsi) u104892 | ||
| 100 | _aDelargy, M. | ||
| 245 | _aSky high | ||
| 260 | _c2000 | ||
| 490 |
_aBuilding _v265(8128) 17 March 2000, 40-43(4) |
||
| 520 | _aOffers advice on how to get involved in airport construction. | ||
| 590 | _aABS | ||
| 650 | _aAIRPORTS | ||
| 650 | _aINTERNET | ||
| 650 | _aTRANSPORT | ||
| 650 | _aPUBLIC PRIVATE PARTNERSHIPS | ||
| 650 | _aCONSTRUCTION MARKET | ||
| 690 | _aBUILT ENVIRONMENT-CONSTRUCTION MARKET | ||
| 942 | _n0 | ||
| 999 |
_c62922 _d62922 |
||